000 00329nam a22001457a 4500
008 210511b ||||| |||| 00| 0 eng d
020 _a0060413085
041 _aeng
080 _23rd
_a51
082 _a51
100 _a36
101 _aMAT
245 _aEssentials of Precalculus Mathematics
_cChristy,D.T
942 _2udc
_cBK
999 _c57171
_d57171